[Event "Continental de las Americas"]
[Site "Buenos Aires"]
[Date "2005.08.11"]
[Round "6.45"]
[White "Bielicki, Carlos"]
[Black "Marinangeli, Martin"]
[Result "1/2-1/2"]
[WhiteElo "2307"]
[BlackElo "2119"]
[PlyCount "66"]
[EventDate "2005.08.06"]

1. Nf3 Nf6 2. c4 e6 3. g3 d5 4. Bg2 Be7 5. O-O O-O 6. b3 c5 7. e3 d4 8. exd4
cxd4 9. d3 Nc6 10. Na3 Ne8 11. Nc2 a5 12. a3 Nc7 13. Bd2 Rb8 14. Bf4 Bd6 15.
Bxd6 Qxd6 16. Nd2 e5 17. Ne4 Qe7 18. Re1 Ne6 19. Qe2 Bd7 20. Nd2 f6 21. Bd5
Rbe8 22. b4 axb4 23. axb4 Nxb4 24. Nxb4 Qxb4 25. Reb1 Qe7 26. Rxb7 Rb8 27. Raa7
Rxb7 28. Rxb7 Kh8 29. Ne4 Qd8 30. Ra7 Nc7 31. Bb7 Qe7 32. Nd2 Qb4 33. Be4 Qd6
1/2-1/2

[Event "Continental de las Americas"]
[Site "Buenos Aires"]
[Date "2005.08.11"]
[Round "6.47"]
[White "Ricardi, Pablo"]
[Black "Rodi, Luis"]
[Result "1-0"]
[WhiteElo "2551"]
[BlackElo "2242"]
[PlyCount "111"]
[EventDate "2005.08.06"]

1. e4 e6 2. d4 d5 3. Nc3 Bb4 4. e5 c5 5. a3 Ba5 6. b4 cxd4 7. Qg4 Ne7 8. Nb5
Bc7 9. Nf3 a6 10. Nbxd4 Bb6 11. Bd3 Qc7 12. O-O Bd7 13. Qxg7 Rg8 14. Qf6 Nbc6
15. Nxc6 Bxc6 16. Ng5 O-O-O 17. Nxf7 d4 18. f3 Rd7 19. Qxe6 Kb8 20. Nd6 Bd5 21.
Qh3 Ng6 22. Qg3 Re7 23. e6 Rxe6 24. Nf5 Re5 25. Nh6 Rg7 26. Ng4 Re6 27. Bh6 Rg8
28. Rae1 Rc6 29. Qxc7+ Bxc7 30. g3 Nh4 31. Be4 Bxe4 32. Rxe4 Nf5 33. Bf4 h5 34.
Bxc7+ Kxc7 35. Ne5 Rxc2 36. Rf2 Rc1+ 37. Kg2 Rd8 38. Rd2 Rc3 39. Rd3 Rd5 40.
Kh3 Nd6 41. Rdxd4 Rxd4 42. Rxd4 b5 43. Rd3 Rc2 44. g4 hxg4+ 45. fxg4 Ne4 46.
Re3 Nf2+ 47. Kg3 Nh1+ 48. Kf4 Rxh2 49. Kf5 Rg2 50. Rc3+ Kd6 51. Rd3+ Kc7 52.
Rd7+ Kb6 53. Rd6+ Kb7 54. Nd3 Ng3+ 55. Kf4 Rg1 56. Kf3 1-0

[Event "Continental de las Americas"]
[Site "Buenos Aires"]
[Date "2005.08.11"]
[Round "6.48"]
[White "Valerga, Diego"]
[Black "Cerda, Guillermo"]
[Result "1-0"]
[WhiteElo "2499"]
[BlackElo "2237"]
[PlyCount "69"]
[EventDate "2005.08.06"]

1. e4 c5 2. Nf3 d6 3. d4 cxd4 4. Nxd4 Nf6 5. f3 a6 6. c4 e6 7. Nc3 Nc6 8. Be3
d5 9. cxd5 exd5 10. Nxc6 bxc6 11. exd5 Nxd5 12. Nxd5 Qxd5 13. Qxd5 cxd5 14.
O-O-O Be6 15. Bd4 f6 16. Bd3 Bd6 17. Kb1 Kf7 18. g3 a5 19. Rhe1 Bd7 20. Bc3 a4
21. Bc2 Bc6 22. f4 Rad8 23. b4 Bb8 24. Kb2 Ba7 25. Bd4 Bxd4+ 26. Rxd4 Rhe8 27.
Rxe8 Rxe8 28. Bd3 Rb8 29. a3 Ke6 30. b5 Kd6 31. Rxa4 Bxb5 32. Rb4 Kc5 33. Rxb5+
Rxb5+ 34. Bxb5 Kxb5 35. Kc3 1-0

[Event "Continental de las Americas"]
[Site "Buenos Aires"]
[Date "2005.08.11"]
[Round "6.49"]
[White "Needleman, Alejandro"]
[Black "Saladen, Rafael"]
[Result "0-1"]
[WhiteElo "2394"]
[BlackElo "2229"]
[PlyCount "138"]
[EventDate "2005.08.06"]

1. e4 c5 2. Nf3 d6 3. Bc4 Nf6 4. Qe2 e6 5. Bb3 Be7 6. O-O O-O 7. c3 b6 8. Re1
Ba6 9. d3 Nc6 10. Nbd2 Qc7 11. Nf1 Rae8 12. Ng3 d5 13. e5 Nd7 14. Bf4 f6 15.
exf6 Bd6 16. Bxd6 Qxd6 17. fxg7 Kxg7 18. c4 Nf6 19. Qe3 Kh8 20. Qh6 Ng4 21. Qh4
Nce5 22. Nxe5 Nxe5 23. Rad1 Bb7 24. Qg5 Ng6 25. cxd5 exd5 26. Nf5 Qd7 27. Rxe8
Qxe8 28. Nd6 Qe2 29. Qd2 Qxd2 30. Rxd2 Bc6 31. d4 Rf6 32. Nc8 Bd7 33. Nxa7 c4
34. Bd1 b5 35. Bf3 Ra6 36. Nxb5 Bxb5 37. a3 Re6 38. h3 Re1+ 39. Kh2 Ne7 40. g4
Be8 41. h4 Bg6 42. h5 Be4 43. Bxe4 Rxe4 44. f3 Re3 45. Kg3 Nc6 46. Kf4 Rb3 47.
g5 Kg7 48. a4 Rb4 49. Kf5 Rxa4 50. Ke6 Nb4 51. f4 Ra6+ 52. Ke7 h6 53. Rg2 Ra7+
54. Ke6 Nd3 55. Rg4 Nxb2 56. f5 hxg5 57. Rxg5+ Kf8 58. Rg3 Nd1 59. Rg1 Ne3 60.
f6 c3 61. Rb1 Ra6+ 62. Ke5 c2 63. Rb8+ Kf7 64. Rb7+ Ke8 65. Rb8+ Kd7 66. Rb7+
Kc6 67. f7 Kxb7 68. f8=Q c1=Q 69. Qb4+ Rb6 0-1

[Event "Continental de las Americas"]
[Site "Buenos Aires"]
[Date "2005.08.11"]
[Round "6.50"]
[White "Blanco Fernandez, Alvaro"]
[Black "Daneri, Martin"]
[Result "0-1"]
[WhiteElo "2367"]
[BlackElo "2220"]
[PlyCount "80"]
[EventDate "2005.08.06"]

1. d4 Nf6 2. c4 g6 3. Nc3 Bg7 4. e4 d6 5. f3 O-O 6. Nge2 Nc6 7. Bg5 a6 8. Qd2
Rb8 9. a3 Bd7 10. h4 h5 11. Rd1 Re8 12. b4 b5 13. cxb5 axb5 14. d5 Ne5 15. Nd4
Nc4 16. Bxc4 bxc4 17. b5 e6 18. a4 exd5 19. Nxd5 Nxd5 20. Bxd8 c3 21. Qg5 Re5
22. Qc1 Rxd8 23. Ne2 Nb6 24. Qxc3 Rc5 25. Qb3 Ra8 26. Rc1 Rxc1+ 27. Nxc1 Rxa4
28. O-O Ra5 29. Qc2 Bxb5 30. Nb3 Ra3 31. Rb1 c6 32. Qd1 Be5 33. Qc1 Ra2 34. f4
Bf6 35. e5 dxe5 36. Rb2 Ra4 37. f5 Kg7 38. Nc5 Ra7 39. Qe3 Ra1+ 40. Kh2 Nc4 0-1

[Event "Continental de las Americas"]
[Site "Buenos Aires"]
[Date "2005.08.11"]
[Round "6.51"]
[White "Tristan, Leonardo"]
[Black "Zapata, Marco"]
[Result "1/2-1/2"]
[WhiteElo "2225"]
[BlackElo "2353"]
[PlyCount "48"]
[EventDate "2005.08.06"]

1. e4 c5 2. Nf3 Nc6 3. d4 cxd4 4. Nxd4 Nf6 5. Nc3 e5 6. Ndb5 d6 7. Bg5 a6 8.
Na3 b5 9. Nd5 Be7 10. Bxf6 Bxf6 11. c3 Bg5 12. Nc2 O-O 13. a4 bxa4 14. Rxa4 a5
15. Bc4 Rb8 16. b3 Kh8 17. O-O f5 18. exf5 Bxf5 19. Nce3 Bg6 20. Bd3 Bxd3 21.
Qxd3 Bxe3 22. fxe3 Rxf1+ 23. Qxf1 Rxb3 24. Rc4 Rb5 1/2-1/2

[Event "Continental de las Americas"]
[Site "Buenos Aires"]
[Date "2005.08.11"]
[Round "6.52"]
[White "De Dovitiis, Alejo"]
[Black "Lucena, Lincoln"]
[Result "1-0"]
[WhiteElo "2345"]
[BlackElo "2184"]
[PlyCount "107"]
[EventDate "2005.08.06"]

1. e4 c5 2. Nf3 d6 3. d4 cxd4 4. Nxd4 Nf6 5. Nc3 a6 6. f4 e5 7. Nf3 Qc7 8. Bd3
b5 9. a3 Be6 10. O-O Nbd7 11. Kh1 Be7 12. Qe1 Rc8 13. Bd2 Bc4 14. Nh4 g6 15.
Rd1 Qb7 16. fxe5 dxe5 17. Nf3 h6 18. Be3 Be6 19. Qd2 b4 20. axb4 Bxb4 21. Qe2
Ra8 22. Ra1 Bxc3 23. bxc3 Qc7 24. Bxa6 O-O 25. Bxh6 Rfb8 26. Bd3 Rxa1 27. Rxa1
Qxc3 28. Rf1 Ra8 29. Bd2 Qb2 30. Qe1 Rc8 31. Bc1 Qb8 32. Qh4 Kg7 33. Qh6+ Kg8
34. Ng5 Ba2 35. Ba3 Qb6 36. h3 Ra8 37. Bc1 Qb4 38. Nf3 Nh5 39. Kh2 Qd6 40. Nh4
Ng7 41. Be3 Rc8 42. Nf5 Nxf5 43. exf5 e4+ 44. Bf4 Qc6 45. Be5 f6 46. fxg6 Nxe5
47. Qh7+ Kf8 48. g7+ Ke8 49. g8=Q+ Bxg8 50. Qxg8+ Ke7 51. Qh7+ Nf7 52. Bxe4
Qd6+ 53. Kh1 Rc5 54. Bg6 1-0

[Event "Continental de las Americas"]
[Site "Buenos Aires"]
[Date "2005.08.11"]
[Round "6.53"]
[White "Utman, Carlos"]
[Black "Bibiloni, Jorge"]
[Result "0-1"]
[WhiteElo "2341"]
[BlackElo "2178"]
[PlyCount "65"]
[EventDate "2005.08.06"]

1. e4 c5 2. Nf3 d6 3. d4 cxd4 4. Nxd4 Nf6 5. Nc3 Nbd7 6. Bc4 a6 7. Qe2 g6 8.
Bg5 Nb6 9. Bb3 Bg7 10. O-O-O Qc7 11. h3 O-O 12. f4 e5 13. Nf3 Be6 14. fxe5 dxe5
15. Rhf1 Nh5 16. Qd2 Nc4 17. Nd5 Nxd2 18. Nxc7 Nxf1 19. Nxa8 Bxb3 20. axb3 Nfg3
21. Nb6 Nxe4 22. Be7 Re8 23. Rd7 Nf4 24. Ne1 Bh6 25. Kb1 Ne6 26. Rxb7 Nd2+ 27.
Ka2 e4 28. Nd5 Bg7 29. c4 Nd4 30. Nf6+ Bxf6 31. Bxf6 Ne6 32. Nc2 Nc5 33. Rc7
0-1

[Event "Continental de las Americas"]
[Site "Buenos Aires"]
[Date "2005.08.11"]
[Round "6.54"]
[White "Arambel, Sergio"]
[Black "Ronco, Raul"]
[Result "1-0"]
[WhiteElo "2295"]
[BlackElo "2144"]
[PlyCount "69"]
[EventDate "2005.08.06"]

1. Nf3 d5 2. d4 Nf6 3. g3 e6 4. Bg2 c5 5. O-O Nc6 6. c4 dxc4 7. Qa4 Bd7 8. Qxc4
Rc8 9. dxc5 Qa5 10. Nc3 Qxc5 11. Qxc5 Bxc5 12. Bg5 O-O 13. Rac1 Be7 14. Rfd1
Rfd8 15. Bf4 a6 16. e4 Be8 17. e5 Nd7 18. h4 Nb6 19. Nd2 Nd7 20. Nc4 Nc5 21.
Nd6 Bxd6 22. exd6 e5 23. Be3 Ne6 24. Bb6 Rd7 25. Nd5 Kf8 26. Nb4 Ned4 27. Bxd4
exd4 28. Nxc6 bxc6 29. Bh3 c5 30. Bxd7 Bxd7 31. b4 c4 32. Rxd4 Be6 33. d7 Rd8
34. Rd6 Rxd7 35. Rxd7 1-0

[Event "Continental de las Americas"]
[Site "Buenos Aires"]
[Date "2005.08.11"]
[Round "6.55"]
[White "Mesias, Rabindranath"]
[Black "Lemos, Damian"]
[Result "0-1"]
[WhiteElo "2220"]
[BlackElo "2284"]
[PlyCount "109"]
[EventDate "2005.08.06"]

1. f4 Nf6 2. Nf3 g6 3. b3 Bg7 4. Bb2 O-O 5. e3 d6 6. Be2 Nc6 7. O-O e5 8. fxe5
Ng4 9. Nc3 Ngxe5 10. Kh1 Nxf3 11. Bxf3 Ne5 12. d4 Nxf3 13. Qxf3 c6 14. Rad1 Qh4
15. Rde1 Bf5 16. e4 Be6 17. Ne2 f5 18. Qg3 Qxg3 19. Nxg3 f4 20. Ne2 g5 21. c3
Bf7 22. Ba3 Rfe8 23. Ng1 c5 24. Nf3 h6 25. h3 Bh5 26. dxc5 dxc5 27. Bxc5 Bxc3
28. Rc1 Bg7 29. Rfe1 b6 30. Bd6 Rad8 31. e5 Bxf3 32. gxf3 Re6 33. Re4 Bf8 34.
Bxf8 Rxf8 35. Kg2 Rfe8 36. Rc7 R8e7 37. Rxe7 Rxe7 38. h4 Kf7 39. hxg5 hxg5 40.
Kf2 Kg6 41. Re1 Kf5 42. Re2 Rxe5 43. Rd2 Rc5 44. b4 Rc4 45. Rb2 b5 46. a3 Rc3
47. Ra2 a6 48. Kg2 Rb3 49. Kf2 g4 50. fxg4+ Kxg4 51. Kg2 f3+ 52. Kf2 Kf4 53.
Rd2 Rxa3 54. Rd4+ Ke5 55. Rd7 0-1

[Event "Continental de las Americas"]
[Site "Buenos Aires"]
[Date "2005.08.11"]
[Round "6.56"]
[White "Demaria, Juan Pablo"]
[Black "Guerrero, Alvaro"]
[Result "1-0"]
[WhiteElo "2272"]
[BlackElo "2092"]
[PlyCount "111"]
[EventDate "2005.08.06"]

1. e4 e5 2. Nf3 Nf6 3. Nxe5 d6 4. Nc4 Nxe4 5. Nc3 Nf6 6. d4 Be7 7. Bd3 Nc6 8.
d5 Nb4 9. Be2 c6 10. Ne3 O-O 11. O-O Qc7 12. Bf3 Bd7 13. Re1 Rfe8 14. Qd4 a5
15. a3 Na6 16. Bd2 Rad8 17. Rad1 Bc8 18. Qf4 Nc5 19. b4 axb4 20. axb4 Ncd7 21.
b5 cxb5 22. Nxb5 Qc5 23. Qb4 Bf8 24. Qxc5 Nxc5 25. Ba5 Rd7 26. Nc4 Nfe4 27.
Bxe4 Rxe4 28. Rxe4 Nxe4 29. Na7 b6 30. Bxb6 Ba6 31. Ne3 g6 32. Ra1 Bb7 33. c4
Bg7 34. Ra2 f5 35. g3 Nc3 36. Ra5 f4 37. gxf4 Ne2+ 38. Kf1 Nxf4 39. Nc6 Nd3 40.
Ra7 Nc5 41. Na5 Bc3 42. Bxc5 Bxa5 43. Rxa5 dxc5 44. Rxc5 Kg7 45. Ke2 Kf6 46. f4
g5 47. fxg5+ Kxg5 48. Kf3 Rf7+ 49. Ke4 Re7+ 50. Kf3 Rf7+ 51. Kg3 Kg6 52. Rb5
Re7 53. Rb6+ Kh5 54. Nf5 Rc7 55. h4 Bc6 56. Rxc6 1-0

[Event "Continental de las Americas"]
[Site "Buenos Aires"]
[Date "2005.08.11"]
[Round "6.58"]
[White "Tobares, Leandro"]
[Black "Parrilli, Fernando"]
[Result "1/2-1/2"]
[WhiteElo "2260"]
[BlackElo "2140"]
[PlyCount "61"]
[EventDate "2005.08.06"]

1. d4 Nf6 2. c4 e6 3. Nc3 Bb4 4. e3 O-O 5. Bd3 d5 6. Nf3 c5 7. O-O Nc6 8. a3
Bxc3 9. bxc3 Qc7 10. h3 dxc4 11. Bxc4 Rd8 12. Ba2 b5 13. Qe2 c4 14. e4 e5 15.
dxe5 Nxe5 16. Bf4 Nfd7 17. Rfd1 Bb7 18. Rd4 Nxf3+ 19. Qxf3 Ne5 20. Qg3 f6 21.
Rad1 Bxe4 22. Bxe5 fxe5 23. Rxd8+ Rxd8 24. Rxd8+ Qxd8 25. Qxe5 Bd5 26. Bb1 a6
27. h4 Bf7 28. Be4 g6 29. g3 Qd1+ 30. Kg2 Qd8 31. Bf3 1/2-1/2

[Event "Continental de las Americas"]
[Site "Buenos Aires"]
[Date "2005.08.11"]
[Round "6.59"]
[White "Fedrizzi, Alan"]
[Black "Bitelmajer, Martin"]
[Result "0-1"]
[WhiteElo "2119"]
[BlackElo "2243"]
[PlyCount "76"]
[EventDate "2005.08.06"]

1. e4 e5 2. Nf3 Nc6 3. Bc4 Bc5 4. c3 Nf6 5. d3 d6 6. O-O a6 7. Bb3 h6 8. Nbd2
O-O 9. Re1 Ba7 10. Nf1 Ne7 11. Ng3 Ng6 12. h3 c6 13. d4 Qc7 14. Be3 b5 15. Rc1
c5 16. Bc2 c4 17. Qd2 Kh7 18. Rcd1 Bb7 19. h4 Ng4 20. h5 Nh8 21. Qe2 Nxe3 22.
fxe3 f6 23. Nh4 Nf7 24. Qg4 Ng5 25. Nf3 Bc8 26. Nf5 Rg8 27. Nxg5+ hxg5 28. Rd2
b4 29. Qe2 Bxf5 30. exf5 Kh6 31. dxe5 dxe5 32. Kh1 bxc3 33. bxc3 e4 34. Qg4 Qe5
35. Qxe4 Qxc3 36. Rde2 Rge8 37. Qd5 Re7 38. e4 Qg3 0-1

[Event "Continental de las Americas"]
[Site "Buenos Aires"]
[Date "2005.08.??"]
[Round "6.60"]
[White "Fierro Baquero, Martha"]
[Black "Soares, Joaquim"]
[Result "1-0"]
[WhiteElo "2340"]
[BlackElo "2000"]
[PlyCount "51"]
[EventDate "2005.08.06"]

1. d4 Nf6 2. Nf3 g6 3. Bf4 d6 4. Nc3 Bg7 5. e4 c5 6. d5 Qb6 7. Rb1 Nbd7 8. Be2
a6 9. Nd2 h5 10. O-O Qc7 11. a4 b6 12. h3 Rb8 13. Re1 O-O 14. Bh2 Ne8 15. f4
Bd4+ 16. Kh1 Ng7 17. Nf3 Bxc3 18. bxc3 Nf6 19. Bc4 Qd7 20. e5 Nh7 21. Qd3 Qxa4
22. Ra1 Qd7 23. Bxa6 Bxa6 24. Rxa6 Rb7 25. e6 Qd8 26. c4 {1-0 en 92} 1-0

[Event "Continental de las Americas"]
[Site "Buenos Aires"]
[Date "2005.08.11"]
[Round "6.61"]
[White "Gonzalez, Juan Carlos"]
[Black "Bermudes, Eduardo"]
[Result "1-0"]
[WhiteElo "2546"]
[BlackElo "2190"]
[PlyCount "85"]
[EventDate "2005.08.06"]

1. d4 Nf6 2. c4 d6 3. Nc3 Nbd7 4. Nf3 c6 5. e4 e5 6. Be2 Be7 7. O-O O-O 8. Qc2
Qc7 9. Bg5 Re8 10. d5 Nf8 11. h3 Ng6 12. Rfe1 c5 13. Be3 Rf8 14. Rab1 Ne8 15.
b4 b6 16. Nd2 Qd8 17. bxc5 bxc5 18. Bg4 Bxg4 19. hxg4 Bg5 20. Nf1 Bxe3 21. Nxe3
Qg5 22. Qd1 Nf6 23. g3 h5 24. gxh5 Nxh5 25. Qg4 Qxg4 26. Nxg4 Rab8 27. Nb5 Rb6
28. Nxa7 Ra6 29. Nb5 f5 30. exf5 Rxf5 31. Nc3 Rf7 32. Rb8+ Rf8 33. Reb1 Nf6 34.
Nxf6+ gxf6 35. R8b6 Rfa8 36. Ne4 f5 37. Nxd6 f4 38. Ne4 fxg3 39. fxg3 Kg7 40.
Rxa6 Rxa6 41. Rb2 Ra4 42. Rc2 Ra5 43. Kg2 1-0

[Event "Continental de las Americas"]
[Site "Buenos Aires"]
[Date "2005.08.11"]
[Round "6.62"]
[White "Avalos, Joao"]
[Black "Ianovsky, Matias"]
[Result "0-1"]
[WhiteElo "2323"]
[BlackElo "2155"]
[PlyCount "74"]
[EventDate "2005.08.06"]

1. e4 c5 2. Nf3 e6 3. d4 cxd4 4. Nxd4 Nf6 5. Nc3 Nc6 6. Nxc6 bxc6 7. Bd3 d5 8.
O-O Be7 9. f4 Bc5+ 10. Kh1 h5 11. Qe2 h4 12. Bd2 Nh5 13. Be1 e5 14. f5 d4 15.
Na4 Be7 16. b3 Bg5 17. Nb2 Bf4 18. Qg4 g6 19. Bc4 Ng3+ 20. Bxg3 hxg3 21. h3 Rh4
22. Bxf7+ Kxf7 23. Qxg6+ Kf8 24. Qxc6 Rb8 25. Nd3 Qb6 26. Qxb6 Rxb6 27. Nxf4
Rxf4 28. Rxf4 exf4 29. Rd1 Rc6 30. Rxd4 Rxc2 31. Rc4 Rxc4 32. bxc4 Ba6 33. c5
Bd3 34. c6 Bxe4 35. c7 Bxf5 36. h4 Ke7 37. Kg1 Kd7 0-1

[Event "Continental de las Americas"]
[Site "Buenos Aires"]
[Date "2005.08.11"]
[Round "6.63"]
[White "Duarte, Leonardo"]
[Black "Bustamante, Oscar"]
[Result "1-0"]
[WhiteElo "2317"]
[BlackElo "2141"]
[PlyCount "55"]
[EventDate "2005.08.06"]

1. Nf3 d5 2. d4 c5 3. c3 e6 4. Bf4 Nc6 5. e3 Nf6 6. Nbd2 Nh5 7. Bg5 f6 8. Bh4
g6 9. Bd3 Bd7 10. g4 Ng7 11. Qc2 Kf7 12. Bg3 e5 13. dxe5 Bxg4 14. h3 Bxf3 15.
Nxf3 c4 16. Be2 f5 17. O-O-O Qa5 18. Ng5+ Ke8 19. Kb1 Be7 20. h4 Bxg5 21. hxg5
Ne6 22. e4 fxe4 23. f3 Nxg5 24. Bh4 Nxf3 25. Bxf3 exf3 26. Bf6 Kf7 27. Qf2 Ke6
28. Qxf3 1-0

[Event "Continental de las Americas"]
[Site "Buenos Aires"]
[Date "2005.08.11"]
[Round "6.64"]
[White "Tenti, Joaquin"]
[Black "Blit, Jacques"]
[Result "1/2-1/2"]
[WhiteElo "2153"]
[BlackElo "2278"]
[PlyCount "50"]
[EventDate "2005.08.06"]

1. e4 c5 2. Nf3 g6 3. d4 cxd4 4. Nxd4 Nc6 5. c4 Nf6 6. Nc3 d6 7. Be2 Nxd4 8.
Qxd4 Bg7 9. Be3 O-O 10. Qd2 Ng4 11. Bxg4 Bxg4 12. O-O Rc8 13. b3 Re8 14. Rac1
Qa5 15. Rc2 Be6 16. Nd5 Qxd2 17. Rxd2 a6 18. Rc1 f5 19. f3 Bf7 20. a4 e6 21.
Nb6 Rc6 22. b4 d5 23. b5 axb5 24. axb5 Rxb6 25. Bxb6 Bh6 1/2-1/2

[Event "Continental de las Americas"]
[Site "Buenos Aires"]
[Date "2005.08.11"]
[Round "6.65"]
[White "Giampa, Alejandro"]
[Black "Malajovich, Sandra"]
[Result "1-0"]
[WhiteElo "2243"]
[BlackElo "2126"]
[PlyCount "131"]
[EventDate "2005.08.06"]

1. Nf3 c5 2. c4 Nf6 3. Nc3 g6 4. g3 Nc6 5. d4 Bg7 6. Bg2 O-O 7. O-O d6 8. e3
Rb8 9. b3 Bf5 10. Bb2 Ne4 11. Na4 cxd4 12. Nxd4 Nxd4 13. Bxd4 Nc5 14. Bxg7 Kxg7
15. Nc3 Qd7 16. Qd4+ f6 17. Rfd1 Bh3 18. Bh1 Qg4 19. Nd5 Rfe8 20. b4 Na6 21. e4
Qc8 22. a3 Be6 23. Ne3 Ra8 24. Rac1 Bf7 25. f4 Nb8 26. c5 Nc6 27. Qb2 dxc5 28.
Rxc5 Qe6 29. e5 Qb3 30. Qxb3 Bxb3 31. Rd7 Rab8 32. exf6+ Kxf6 33. Rxb7 Rxb7 34.
Bxc6 Reb8 35. Bxb7 Rxb7 36. Ng4+ Ke6 37. Ne5 Kd6 38. Kf2 Rc7 39. Rxc7 Kxc7 40.
Ke3 Kb6 41. Kd4 Kb5 42. Kc3 Bd5 43. Kd4 Bb3 44. h4 a6 45. Nd7 Bg8 46. Nc5 Bf7
47. Kc3 Bg8 48. a4+ Kb6 49. Nb3 Bf7 50. Nd4 Be8 51. a5+ Kc7 52. Kc4 Kd6 53. b5
Bf7+ 54. Kb4 axb5 55. Nxb5+ Kc6 56. Nd4+ Kd5 57. Nf3 Bg8 58. Ne5 Be6 59. a6 Bc8
60. a7 Bb7 61. Nd7 Kd4 62. Kb5 Ke3 63. Kb6 Ba8 64. Kc7 Kf3 65. Kb8 Bd5 66. Nc5
1-0

[Event "Continental de las Americas"]
[Site "Buenos Aires"]
[Date "2005.08.11"]
[Round "6.66"]
[White "Burijovich, Liliana"]
[Black "Elias, Leonardo"]
[Result "0-1"]
[WhiteElo "2211"]
[BlackElo "2061"]
[PlyCount "86"]
[EventDate "2005.08.06"]

1. e4 c5 2. Nf3 e6 3. d4 cxd4 4. Nxd4 Nc6 5. Nb5 d6 6. c4 Nf6 7. N1c3 a6 8. Na3
Be7 9. Be2 b6 10. O-O O-O 11. Be3 Nb8 12. f3 Nbd7 13. Qd2 Bb7 14. Rfd1 Rc8 15.
Rac1 Qc7 16. Bf1 Qb8 17. Kh1 Rfe8 18. Bf4 Ne5 19. Bxe5 dxe5 20. Nc2 Red8 21.
Qe1 Nd7 22. b4 Kh8 23. Rb1 g6 24. Qe3 f5 25. exf5 gxf5 26. a3 Qc7 27. Qh6 Nf6
28. Be2 Rg8 29. Qe3 Rg6 30. Na4 Rcg8 31. Ne1 e4 32. f4 Bd6 33. g3 Bxf4 34. gxf4
Qxf4 35. Nc2 Qh4 36. Rg1 f4 37. Rxg6 Rxg6 38. Qxb6 Qg5 39. Qd8+ Rg8 40. Qxg8+
Qxg8 41. Nc5 Ba8 42. Nd4 Ng4 43. h3 Nf2+ 0-1

[Event "Continental de las Americas"]
[Site "Buenos Aires"]
[Date "2005.08.11"]
[Round "6.67"]
[White "Herrera, Martin"]
[Black "Cuevas, Alex"]
[Result "1/2-1/2"]
[WhiteElo "2192"]
[BlackElo "2017"]
[PlyCount "94"]
[EventDate "2005.08.06"]

1. e4 c5 2. Nf3 d6 3. d4 cxd4 4. Nxd4 Nf6 5. Nc3 e6 6. Be3 a6 7. Be2 Qc7 8. f4
Nbd7 9. O-O b5 10. f5 e5 11. Nb3 Bb7 12. a4 b4 13. Nd5 Nxd5 14. exd5 Nf6 15.
Bf3 e4 16. Be2 Bxd5 17. g4 h6 18. Bd4 Bxb3 19. cxb3 Be7 20. Rc1 Qd7 21. Bb6 O-O
22. Rc7 Qe8 23. Be3 Qd8 24. Rc2 Nh7 25. Qd5 Bg5 26. Bf2 Nf6 27. Qb7 d5 28. Bd4
Rc8 29. Rc5 Rxc5 30. Bxc5 d4 31. Bc4 d3 32. Bxf8 Qxf8 33. h3 Qd6 34. Bxf7+ Kf8
35. Kg2 Bh4 36. Bc4 Qg3+ 37. Kh1 Qxh3+ 38. Kg1 Qxg4+ 39. Kh1 Qh5 40. Qxb4+ Ke8
41. Qb8+ Ke7 42. Qb7+ Kd8 43. Qa8+ Ke7 44. Qb7+ Kd8 45. Bf7 Qg4 46. Qb6+ Ke7
47. Qe6+ Kd8 1/2-1/2

[Event "Continental de las Americas"]
[Site "Buenos Aires"]
[Date "2005.08.11"]
[Round "6.68"]
[White "Lida Garcia, Fernando"]
[Black "Critelli, James"]
[Result "1/2-1/2"]
[WhiteElo "2066"]
[BlackElo "2318"]
[PlyCount "51"]
[EventDate "2005.08.06"]

1. b4 e5 2. Bb2 Bxb4 3. Bxe5 Nf6 4. a3 Be7 5. c4 O-O 6. e3 Nc6 7. Bb2 d5 8.
cxd5 Nxd5 9. Be2 Bf6 10. d4 Re8 11. Nf3 Bf5 12. O-O Qd7 13. Nbd2 Rad8 14. Nc4
Nb6 15. Nce5 Bxe5 16. Nxe5 Nxe5 17. dxe5 Qe6 18. Qc1 Na4 19. Bd4 c5 20. Bb5
cxd4 21. Bxa4 Re7 22. f4 d3 23. Qb2 h6 24. Rfd1 Kh8 25. Rac1 Qa6 26. Qb4
1/2-1/2

[Event "Continental de las Americas"]
[Site "Buenos Aires"]
[Date "2005.08.11"]
[Round "6.69"]
[White "Alaluf, Alfredo"]
[Black "Farfan Ortiz, Alfredo"]
[Result "0-1"]
[WhiteElo "2091"]
[BlackElo "2285"]
[PlyCount "147"]
[EventDate "2005.08.06"]

1. d4 d5 2. Nf3 Nf6 3. c4 c6 4. Nc3 e6 5. cxd5 cxd5 6. Bf4 Nc6 7. e3 a6 8. Bd3
Bd7 9. h3 Rc8 10. Rc1 Be7 11. O-O Na5 12. Ne5 b5 13. Qe2 Nc4 14. Nxd7 Nxd7 15.
b3 Ncb6 16. a4 b4 17. Nb1 a5 18. Ba6 Rxc1 19. Rxc1 O-O 20. Qb5 Qa8 21. Rc6 Bd8
22. Bd6 Re8 23. Bc5 f6 24. Nd2 Kf7 25. Nf3 Nb8 26. Rxb6 Bxb6 27. Qxb6 Qxa6 28.
Qc7+ Kg8 29. Ba7 Qc8 30. Qxa5 Nc6 31. Qc5 Nxa7 32. Qxa7 Qc1+ 33. Kh2 Rc8 34.
Qa6 Qc6 35. Qd3 Qc3 36. Qa6 Re8 37. Qb5 Kf7 38. a5 Qxb3 39. e4 Qc4 40. Qb6 Re7
41. e5 Qc3 42. a6 Qa3 43. Nd2 fxe5 44. dxe5 h6 45. Nf3 b3 46. Nd4 b2 47. a7
Qxa7 48. Qxb2 Rb7 49. Qd2 Qb6 50. Qf4+ Kg8 51. Qg4 Re7 52. h4 Qa6 53. h5 Qb6
54. Qh4 Rf7 55. f3 Qb2 56. Qd8+ Rf8 57. Qh4 Qc3 58. Qg4 Qe3 59. Nxe6 Rf7 60. f4
d4 61. g3 Qe4 62. Nd8 Qf5 63. Qd1 Rd7 64. Qb3+ Kh8 65. Ne6 Qxh5+ 66. Kg2 Qe2+
67. Kh3 Qh5+ 68. Kg2 Qf5 69. Kf3 d3 70. g4 Qf7 71. f5 d2 72. Qd1 Qe7 73. g5
Qa3+ 74. Kg4 0-1

[Event "Continental de las Americas"]
[Site "Buenos Aires"]
[Date "2005.08.11"]
[Round "6.70"]
[White "Echeguren, Gustavo"]
[Black "Idiarte Borda, Jorge"]
[Result "1/2-1/2"]
[WhiteElo "2094"]
[BlackElo "2157"]
[PlyCount "85"]
[EventDate "2005.08.06"]

1. e4 e6 2. d4 d5 3. Nc3 dxe4 4. Nxe4 Bd7 5. Nf3 Bc6 6. Bd3 Bxe4 7. Bxe4 c6 8.
O-O Nf6 9. Bd3 Be7 10. c4 Nbd7 11. Qe2 O-O 12. Bg5 h6 13. Bh4 Nh7 14. Bxe7 Qxe7
15. Rad1 Rfe8 16. Rfe1 Ng5 17. Ne5 Nxe5 18. dxe5 Nh7 19. Bc2 Nf8 20. Rd6 Rad8
21. c5 Qg5 22. Red1 Rxd6 23. cxd6 Nd7 24. Qe4 g6 25. f4 Qd8 26. Qb4 Qb6+ 27.
Qxb6 axb6 28. b4 b5 29. Bb3 Ra8 30. g4 Rd8 31. Kf2 g5 32. f5 Nxe5 33. fxe6 fxe6
34. Bxe6+ Kg7 35. Kg3 Nf7 36. d7 Kf6 37. Bf5 h5 38. h3 h4+ 39. Kf3 Ne5+ 40. Ke4
Nf7 41. Kf3 Ne5+ 42. Ke4 Nf7 43. Kf3 1/2-1/2

[Event "Continental de las Americas"]
[Site "Buenos Aires"]
[Date "2005.08.11"]
[Round "6.71"]
[White "Bendana Guerrero, Guy"]
[Black "Leeuw, Pablo"]
[Result "0-1"]
[WhiteElo "2155"]
[BlackElo "2088"]
[PlyCount "96"]
[EventDate "2005.08.06"]

1. d4 e6 2. Nf3 f5 3. Bf4 Nf6 4. e3 Be7 5. h3 b6 6. Bd3 Bb7 7. Nbd2 Ne4 8. c3
O-O 9. Qc2 d5 10. Ne5 c5 11. Ndf3 c4 12. Be2 g5 13. Bh2 b5 14. Nd2 Nd7 15. Nxd7
Qxd7 16. Nf3 b4 17. Ne5 Qd8 18. Bf3 a5 19. Rb1 Nf6 20. O-O Nd7 21. Qa4 Nxe5 22.
Bxe5 Ra6 23. Qd1 Bd6 24. Bxd6 Qxd6 25. Qd2 h6 26. Rfd1 Bc6 27. Re1 Rb8 28. b3
Bb5 29. Rec1 Rc6 30. Rb2 Ba6 31. Rbc2 Rcb6 32. Rb2 cxb3 33. axb3 bxc3 34. Qxc3
a4 35. Rcb1 Qa3 36. Bd1 Bc4 37. Bc2 axb3 38. Bd1 Qb4 39. Qxb4 Rxb4 40. Ra1 Kf7
41. Ra7+ R4b7 42. Ra3 f4 43. Bf3 Kf6 44. g3 e5 45. Bg2 e4 46. g4 f3 47. Bf1 Ke6
48. Ra6+ Bxa6 0-1

[Event "Continental de las Americas"]
[Site "Buenos Aires"]
[Date "2005.08.11"]
[Round "6.72"]
[White "Lo Presti, Roberto"]
[Black "Borda, Alan"]
[Result "1/2-1/2"]
[WhiteElo "2068"]
[BlackElo "2131"]
[PlyCount "69"]
[EventDate "2005.08.06"]

1. e4 e5 2. Nf3 d6 3. d4 Nf6 4. dxe5 Nxe4 5. Qd5 Nc5 6. exd6 Qxd6 7. Nc3 Qxd5
8. Nxd5 Bd6 9. Be3 Ne6 10. Nd4 Nxd4 11. Bxd4 O-O 12. O-O-O Nc6 13. Bc3 Be6 14.
Kb1 Rab8 15. Bb5 Ne5 16. Be2 Ng4 17. Be1 Rfd8 18. h3 Ne5 19. Bc3 Ng6 20. g3
Bxg3 21. Nf6+ gxf6 22. Rxd8+ Rxd8 23. fxg3 Ne5 24. g4 h6 25. Rf1 Kg7 26. b3 Kg6
27. Kc1 c6 28. Rf4 Bd5 29. h4 Re8 30. Kd2 Be6 31. a4 Bc8 32. Bd3+ Kg7 33. Be2
Kg6 34. Bd3+ Kg7 35. Be2 1/2-1/2